| 000 | 00410nam a2200157Ia 4500 | ||
|---|---|---|---|
| 999 |
_c30311 _d30311 |
||
| 003 | OSt | ||
| 005 | 20250809101051.0 | ||
| 008 | 250310s9999||||xx |||||||||||||| ||und|| | ||
| 040 | _c. | ||
| 082 |
_a891.5511 _bA954 |
||
| 100 |
_96296 _aAvery, Peter _eTranslator |
||
| 245 | 0 |
_aHafiz of Shiraz / _cPeter Avery and John Heath Stubbs |
|
| 260 |
_aLondon : _bJohn Murray, _c1952. |
||
| 300 | _a66 p. | ||
| 942 |
_cBK _2ddc |
||